000 nam a22 7a 4500
999 _c10666
_d10666
008 180220b ||||| |||| 00| 0 eng d
100 _aSingh,YP.
_9953
245 _aMap Workbook-VI
260 _aNew Delhi
_bFK Publications
_c2013